| 000 | 00667nam a2200193 i 4500 | ||
|---|---|---|---|
| 001 | 72713 | ||
| 003 | ES-MaACL | ||
| 005 | 20240416102837.0 | ||
| 007 | t| | ||
| 008 | 040902s1969 sp ||||1| spa d | ||
| 100 | 1 |
_aGodechot, Jacques ( _d1907-1989) _957508 |
|
| 245 | 1 | 0 |
_aEuropa y América en la época napoleónica _b: (1800-1815) / _cJacques Godechot ; [traducción por Jesús López Pacheco]. |
| 260 |
_aBarcelona : _bLabor, _c1969. |
||
| 300 |
_aXIII, 331 p. : _bmap. ; _c20 cm. |
||
| 651 | 4 |
_aEuropa- _xHistoria- _y1789-1815. _98604 |
|
| 700 | 1 |
_aLópez Pacheco, Jesús, _d1930-1997 _973855 |
|
| 852 |
_aES-MaACL _jC-39904 _bR.73124 |
||
| 999 |
_c72713 _d72713 |
||